000 00463cam a2200181 4500
001 D6317
008 090401t1955 xxu||||| |||| 00| 0 eng d
035 _a(Sirsi) u242
041 _aeng
050 _a692.8
100 _aKeating, Donald
245 _aLaw and practice of building contracts including architects and surveyors
260 _aLondon
_bSweet and Maxwell
_c1955
300 _axliv. 349p. 22cm
350 _a0
942 _n0
948 _c04/03/1997
999 _c85500
_d85500